Peníze, banky a finanční trhy /
Uložené v:
| Hlavný autor: | |
|---|---|
| Médium: | Kniha |
| Jazyk: | Czech |
| Vydavateľské údaje: |
Praha :
AKS-Nad zlato,
1992
|
| Vydanie: | 1.vyd. |
| Predmet: | |
| Tagy: |
Žiadne tagy, Buďte prvý, kto otaguje tento záznam!
|
MARC
| LEADER | 00000nam a22000003a 4500 | ||
|---|---|---|---|
| 001 | stu7091 | ||
| 005 | 20150617225809.3 | ||
| 008 | 941110s1992----xr------------------cze-d | ||
| 020 | |a 80-85626-06-3 | ||
| 040 | |a STU |b slo | ||
| 041 | 0 | |a cze | |
| 044 | |a xr | ||
| 080 | |a 336.6/.7 | ||
| 100 | 1 | |a Brada, Jaroslav |4 aut | |
| 245 | 1 | |a Peníze, banky a finanční trhy / |c Aut.: Brada,Jaroslav a kol | |
| 250 | |a 1.vyd. | ||
| 260 | |a Praha : |b AKS-Nad zlato, |c 1992 | ||
| 300 | |a 106 s | ||
| 650 | 7 | |a financie |2 stusub | |
| 650 | 7 | |a finančné hospodárstvo |2 stusub | |
| 650 | 7 | |a bankovníctvo |2 stusub | |
| 996 | |b E79272 |c R*79272 |l RRUM |s A |a 24 |w stu7091_0001 | ||